íCosta Rica está en Marcha! /

Guardat en:
Dades bibliogràfiques
Autor principal: Calderón Fournier, Rafael Angel
Format: Text
Etiquetes: Afegir etiqueta
Sense etiquetes, Sigues el primer a etiquetar aquest registre!

MARC

LEADER 00000 a a2200000 04500
001 47852
003
040
100 |a Calderón Fournier, Rafael Angel  
245 |a íCosta Rica está en Marcha! /  |c Rafael Angel Calderón Fournier  
773 |g número27, (julio-setiembre, 1992), pp 57-71  
999 |c 22102  |d 22102